[Event "Gibraltar Challengers B 2019"]
[Site "Caleta"]
[Date "2019.01.28"]
[Round "3"]
[White "Suez-Panama, Gilles"]
[Black "Gillis Onieva, Celia"]
[Result "0-1"]
[WhiteElo "2078"]
[BlackElo "1930"]
[Annotator "NA RC"]
[PlyCount "76"]
[EventDate "2019.01.18"]
[EventType "swiss"]
[EventCountry "GGB"]
[SourceTitle "playchess.com"]
[Source "ChessBase"]
[SourceQuality "1"]
[TimeControl "6600+10"]

{[%evp 15,76,-6,32767,-19,-4,32767,0,-13,0,0,32767,32767,32767,32767,-49,32767,32767,-63,32767,32767,32767,32767,-112,32767,-162,32767,-159,-168,32767,-177,32767,32767,32767,-173,-131,-143,-129,32767,-134,-148,-147,-135,-124,-160,32767,32767,-217,-270,-267,-313,-316,-352,-365,-366,-389,-368,-391,-566,-453,-29993,-29994,-29996,-29997]} 1. d4 {[%emt 0:06:08]} Nf6 {[%emt 0:00:04]} 2. Nf3 {[%emt 0:00:04]} e6 {[%emt 0:00:20]} 3. c4 {[%emt 0:00:53]} b6 {[%emt 0:00:14]} 4. a3 {[%emt 0:00:05]} c5 {[%emt 0:00:24]} 5. d5 {[%emt 0:00:34]} Ba6 {[%emt 0:00:59]} 6. b3 {[%emt 0:12:37]} exd5 {[%emt 0:03:21]} 7. cxd5 {[%emt 0:00:46]} g6 {[%emt 0:00:17] E12: Queen's Indian: Unusual White 4th moves, 4 a3, 4 Nc3 Bb7 5 a3 and 4 Nc3 Bb7} 8. Bb2 {[%emt 0:03:27] LiveBook: 12 Games} Bg7 {[%emt 0:00:24]} 9. Qc2 {[%emt 0:13:29]} O-O {[%emt 0:07:06]} 10. Nc3 {[%emt 0:00:23]} Re8 {[%emt 0:04:33]} 11. e3 $146 {[%emt 0:03:15]} ({Predecessor:} 11. g3 d6 12. e3 Bb7 13. Rd1 Na6 14. Bg2 Nc7 15. O-O Nfxd5 {0-1 (26) Haessel,D (2234)-Shankland,S (2646) Edmonton 2016}) 11... Bxf1 {[%emt 0:07:05]} 12. Kxf1 {[%emt 0:00:12]} d6 {[%emt 0:02:10]} 13. h4 {[%emt 0:00:40]} Nbd7 {[%emt 0:15:14]} 14. Rd1 {[%emt 0:04:09]} Ne5 {[%emt 0:07:45]} 15. Nxe5 {[%emt 0:01:52]} Rxe5 {[%emt 0:00:06]} 16. Ne2 {[%emt 0:08:46]} Rxd5 {[%emt 0:06:08]} 17. Rxd5 {[%emt 0:01:24]} Nxd5 {[%emt 0:01:42]} 18. Bxg7 {[%emt 0:00:09]} Kxg7 {[%emt 0:00:22]} 19. e4 {[%emt 0:05:34]} Nf6 {[%emt 0:01:59]} 20. Nf4 {[%emt 0:02:31]} Qe7 {[%emt 0:04:38]} 21. f3 {[%emt 0:00:09]} Qe5 {[%emt 0:05:02]} 22. g3 {[%emt 0:01:25]} h5 {[%emt 0:05:26]} 23. Kg2 {[%emt 0:00:36]} d5 {[%emt 0:12:59]} 24. exd5 {[%emt 0:06:29]} Nxd5 {[%emt 0:00:22]} 25. Nxd5 {[%emt 0:00:09]} Qxd5 {[%emt 0:00:06]} 26. Rd1 {[%emt 0:00:18]} Qe6 {[%emt 0:07:21]} 27. Qc3+ {[%emt 0:01:59]} Kg8 {[%emt 0:00:07]} 28. Re1 {[%emt 0:00:23]} Qd6 {[%emt 0:00:09]} 29. Qc4 {[%emt 0:02:02]} Rd8 {[%emt 0:00:52]} 30. Qb5 {[%emt 0:00:28]} Kg7 {[%emt 0:05:45]} 31. a4 {[%emt 0:04:07]} Qd2+ {[%emt 0:02:31]} 32. Re2 {[%emt 0:00:17]} Qd1 {[%emt 0:00:21]} 33. Qc4 {[%emt 0:00:50]} Rd3 {[%emt 0:01:07]} 34. Qe4 {[%emt 0:00:38]} Qxb3 {[%emt 0:02:33]} 35. Qe5+ {[%emt 0:00:26]} Kh7 {[%emt 0:01:55]} 36. Qb8 {[%emt 0:00:17]} (36. Qf4 {keeps fighting.}) 36... Qd5 {[%emt 0:01:28]} 37. Re4 $2 {[%emt 0:01:05]} (37. Qf4 $19) 37... Rd2+ {[%emt 0:00:05]} 38. Kh3 {[%emt 0:00:17]} Qf5+ {[%emt 0:00:09] Double Attack} 0-1

[Event "Gibraltar Challengers B 2019"]
[Site "Caleta"]
[Date "2019.01.28"]
[Round "3"]
[White "Spacapan, Simon"]
[Black "Ramasindraibe, Girard"]
[Result "0-1"]
[WhiteElo "2061"]
[BlackElo "2129"]
[Annotator "TA"]
[PlyCount "93"]
[EventDate "2019.01.18"]
[EventType "swiss"]
[EventCountry "GGB"]
[SourceTitle "playchess.com"]
[Source "ChessBase"]
[SourceQuality "1"]

{[%evp 12,93,32,29,20,14,20,23,29,16,25,25,25,25,17,14,34,-66,0,-57,-67,-128,-115,-100,-89,-151,-27,-29,-17,-87,16,0,179,177,153,150,154,108,137,110,135,99,85,20,144,108,164,131,132,74,160,63,72,-81,0,0,0,0,38,0,0,-325,-79,-213,-211,-422,-420,-543,-537,-29980,-29981,-29981,-29982,-29977,-29977,-29990,-29991,-29991,-1235,-29989,-29974,-29986,-29987,-29992]} 1. e4 c5 2. Nf3 d6 3. d4 cxd4 4. Nxd4 Nf6 5. Nc3 a6 6. h3 e6 7. g4 {[%cal Bg2g4,Bg4g5][%mdl 32]} Be7 {B81: Sicilian Scheveningen: Keres Attack} 8. g5 Nfd7 9. Bg2 Nc6 {White has an edge.} 10. h4 O-O 11. Be3 Nde5 12. Qe2 Nxd4 13. Bxd4 b5 {[#]} 14. b3 $146 (14. f4 $14 Nc4 15. b3) ({Predecessor:} 14. f4 Nc6 15. Be3 {½-½ (47) Dominguez Perez,L (2739)-Grischuk,A (2766) Saint Louis 2018}) 14... Bd7 (14... Bb7 $15) 15. O-O-O (15. f4 $11 Ng6 16. f5) 15... Nc6 $15 16. Be3 (16. Qe3 $15) 16... Qa5 $17 17. Kb2 Rac8 {...d5! is the strong threat.} 18. Rd2 {[#]} (18. Qd2 $142) 18... Rc7 (18... d5 $1 $17 {[%mdl 512] ( -> ...Ba3+)} 19. Nb1 (19. exd5 Ba3+) 19... Bd6) 19. Nb1 $11 Rfc8 20. Rc1 (20. Ka1 $11 {keeps the balance.}) 20... b4 (20... Bf8 $17 21. c3 b4) 21. f4 $1 {[%cal Bf2f4,Bf4f5][%mdl 32]} Na7 $2 (21... Rb8 $11) 22. Qf2 $1 $18 Rc5 23. Bxc5 Rxc5 24. c4 Qc7 25. Rcd1 Be8 26. f5 Nc6 27. Bh3 (27. f6 $16 Bf8 28. Rd3) 27... Nd8 (27... f6 $11) 28. Rd3 a5 (28... Nc6 $16 {was necessary.}) 29. Nd2 a4 30. Nf3 (30. Rf3 $142) 30... Qa5 ({Better is} 30... Ra5) 31. Ra1 ({White should try} 31. Nd4 $16) 31... Rc7 32. Rad1 $2 {[#]} (32. fxe6 $16 {and life is bright. Black must now prevent Rd5.} Nxe6 33. Bxe6 fxe6 34. Qe3) 32... Ra7 ({Of course not} 32... axb3 $6 33. axb3 Ra7 34. Kc1 $14) (32... Nb7 $1 $17 33. Kb1 Nc5) 33. Kc1 $11 axb3 34. axb3 f6 35. Qb2 Bh5 36. Rg1 $2 {[%mdl 8192]} (36. fxe6 $11 {and White has nothing to worry.} fxg5 37. hxg5) 36... fxg5 $2 (36... Bxf3 $1 $19 37. Rxf3 Qa1+ 38. Qb1 Qd4) 37. hxg5 (37. Rxg5 $17 Bxg5+ 38. Nxg5) 37... Bxf3 $1 $19 38. Rxf3 $2 (38. f6 Bxf6 39. gxf6 Qa1+ 40. Qxa1 Rxa1+ 41. Kc2 Rxg1 42. Rxf3) 38... Qa1+ 39. Qb1 Qd4 ({Not} 39... exf5 40. exf5 Qe5 41. f6 $15) 40. Rd1 Bxg5+ 41. Kc2 Qxe4+ {[%mdl 64] Double Attack} 42. Rfd3 Nc6 43. Re1 Nd4+ {[%mdl 64] Double Attack} 44. Kb2 Ne2 (44... Qf4 $142 45. Bf1 Qf2+ 46. Be2 Nxe2 47. Red1 Bf6+ 48. Kc2 Nd4+ {[%mdl 64] Double Attack, Discovered Attack (Double check)} 49. Kc1 {[#]} Nxb3+ $1 {[%mdl 512]} 50. Rxb3 Bg5+ 51. Re3 Bxe3+ 52. Rd2 Qxd2#) 45. Kc2 Bh4 46. Red1 Nc3 {[%mdl 64] Double Attack} 47. Bf1 {Accuracy: White = 26%, Black = 44%.} 0-1

[Event "Gibraltar Challengers B 2019"]
[Site "Caleta"]
[Date "2019.01.28"]
[Round "3"]
[White "Alami, Halim"]
[Black "Elishev, Ivan"]
[Result "0-1"]
[WhiteElo "2059"]
[BlackElo "2224"]
[Annotator "ChessBase"]
[PlyCount "84"]
[EventDate "2019.01.18"]
[EventType "swiss"]
[EventCountry "GGB"]
[SourceTitle "playchess.com"]
[Source "ChessBase"]
[SourceQuality "1"]
[TimeControl "6600+10"]

1. e4 {[%emt 0:02:48]} c5 {[%emt 0:00:00]} 2. Nf3 {[%emt 0:00:07]} Nc6 {[%emt 0:00:14]} 3. Bb5 {[%emt 0:00:14]} g6 {[%emt 0:00:05]} 4. O-O {[%emt 0:00:31]} Bg7 {[%emt 0:00:04]} 5. Re1 {[%emt 0:00:27]} e5 {[%emt 0:00:26]} 6. Bxc6 {[%emt 0:02:38]} bxc6 {[%emt 0:00:32]} 7. c3 {[%emt 0:01:53]} Ne7 {[%emt 0:01:35]} 8. d4 {[%emt 0:00:39]} cxd4 {[%emt 0:01:05]} 9. cxd4 {[%emt 0:00:04]} exd4 {[%emt 0:00:37]} 10. Nxd4 {[%emt 0:00:12]} O-O {[%emt 0:00:23]} 11. Nc3 {[%emt 0:00:49]} Qc7 {[%emt 0:08:25]} 12. Be3 {[%emt 0:00:53]} f5 {[%emt 0:14:55]} 13. Bg5 {[%emt 0:03:44]} Qd6 {[%emt 0:14:12]} 14. Nxc6 {[%emt 0:06:02]} Qxc6 {[%emt 0:00:47]} 15. Bxe7 {[%emt 0:00:20]} Rf7 {[%emt 0:04:11]} 16. Qb3 {[%emt 0:03:58]} Bxc3 {[%emt 0:11:52]} 17. bxc3 {[%emt 0:00:52]} fxe4 {[%emt 0:00:34]} 18. Rad1 {[%emt 0:01:10]} d5 {[%emt 0:02:58]} 19. Bg5 {[%emt 0:12:51]} Be6 {[%emt 0:00:28]} 20. Qa3 {[%emt 0:00:58]} Rc8 {[%emt 0:03:23]} 21. Rc1 {[%emt 0:00:21]} Qc5 {[%emt 0:03:03]} 22. Qb2 {[%emt 0:01:48]} d4 {[%emt 0:01:15]} 23. Bd2 {[%emt 0:05:03]} Qf5 {[%emt 0:05:43]} 24. cxd4 {[%emt 0:03:00]} Qxf2+ {[%emt 0:00:13]} 25. Kh1 {[%emt 0:00:24]} e3 {[%emt 0:08:29]} 26. Bc3 {[%emt 0:09:48]} Bd5 {[%emt 0:05:21]} 27. Rg1 {[%emt 0:06:30]} Qxb2 {[%emt 0:03:36]} 28. Bxb2 {[%emt 0:00:02]} Rxc1 {[%emt 0:00:44]} 29. Bxc1 {[%emt 0:00:20]} e2 {[%emt 0:00:09]} 30. Bd2 {[%emt 0:12:11]} Rf1 {[%emt 0:00:10]} 31. a3 {[%emt 0:01:34]} g5 {[%emt 0:00:30]} 32. h3 {[%emt 0:00:50]} h5 {[%emt 0:00:16]} 33. Kh2 {[%emt 0:05:38]} Kf7 {[%emt 0:00:45]} 34. Be1 {[%emt 0:03:43]} g4 {[%emt 0:00:44]} 35. a4 {[%emt 0:01:48]} Kg6 {[%emt 0:00:07]} 36. a5 {[%emt 0:05:52]} a6 {[%emt 0:00:01]} 37. hxg4 {[%emt 0:04:26]} hxg4 {[%emt 0:00:02]} 38. Bh4 {[%emt 0:00:54]} Kf5 {[%emt 0:00:16]} 39. Bg3 {[%emt 0:00:48]} Ke4 {[%emt 0:00:08]} 40. Be1 {[%emt 0:00:30]} Kxd4 {[%emt 0:00:26]} 41. Bh4 {[%emt 0:01:08]} Kd3 {[%emt 0:00:15]} 42. Be1 {[%emt 0:01:21]} Kc2 {[%emt 0:00:09]} 0-1

[Event "Gibraltar Challengers B 2019"]
[Site "Caleta"]
[Date "2019.01.28"]
[Round "3"]
[White "Cao Armillas, Jesus"]
[Black "Erdogan, Hassan"]
[Result "1-0"]
[WhiteElo "2048"]
[BlackElo "1833"]
[Annotator "NA RC"]
[PlyCount "69"]
[EventDate "2019.01.18"]
[EventType "swiss"]
[EventCountry "GGB"]
[SourceTitle "playchess.com"]
[Source "ChessBase"]
[SourceQuality "1"]
[TimeControl "6600+10"]

{[%evp 8,69,44,32767,61,19,32767,60,59,32767,32767,32767,50,32767,32767,32767,30,32767,32767,32767,32767,15,28,32767,32767,32767,32767,32767,75,32767,159,32767,32767,216,32767,196,32767,220,258,32767,32767,293,32767,318,341,200,422,458,464,506,527,505,32767,591,568,632,796,883,880,897,1020,654,1147,1216]} 1. d4 {[%emt 0:00:00]} Nf6 {[%emt 0:00:04]} 2. c4 {[%emt 0:00:00]} d6 {[%emt 0:00:14]} 3. Nf3 {[%emt 0:00:07]} Nbd7 {[%emt 0:00:34]} 4. g3 {[%emt 0:00:38]} e5 {[%emt 0:01:45]} 5. Bg2 {[%emt 0:00:27] A53: Old Indian Defence without Nf3} Be7 {[%emt 0:07:14]} (5... c6 6. Nc3 e4 7. Nh4 d5 8. O-O Bb4 9. cxd5 cxd5 10. f3 Bxc3 11. bxc3 O-O 12. Ba3 Re8 13. Nf5 Nb6 14. Nd6 Nc4 15. Nxc4 dxc4 16. fxe4 Nxe4 {1-0 (34) Aronian,L (2767)-Grischuk,A (2766) Saint Louis 2018}) 6. O-O {[%emt 0:00:14] LiveBook: 174 Games} a5 {[%emt 0:01:08]} 7. Nc3 {[%emt 0:00:24]} O-O {[%emt 0:04:30]} 8. Qc2 {[%emt 0:02:17]} c6 {[%emt 0:01:33]} 9. Rd1 {[%emt 0:00:44]} Qc7 {[%emt 0:00:47]} 10. b3 {[%emt 0:08:24]} Re8 {[%emt 0:10:51]} 11. e4 {[%emt 0:04:47]} b5 $146 {[%emt 0:06:23]} ({Predecessor:} 11... Nf8 12. Bb2 Bg4 13. dxe5 dxe5 14. Na4 Ng6 15. c5 {0-1 (57) Traut,S (1627)-Koellner,A (2001) Wiesbaden 2018}) 12. Bb2 {[%emt 0:16:01]} bxc4 {[%emt 0:03:42]} 13. bxc4 {[%emt 0:00:06]} exd4 {[%emt 0:09:29]} 14. Nxd4 {[%emt 0:00:10]} Ne5 {[%emt 0:03:23]} 15. Na4 {[%emt 0:04:56]} Ba6 {[%emt 0:01:57]} 16. Bf1 {[%emt 0:07:56]} c5 {[%emt 0:07:50]} 17. Nf5 {[%emt 0:03:51]} Bb7 {[%emt 0:02:36]} 18. Bg2 {[%emt 0:01:21]} Bf8 {[%emt 0:07:25]} 19. Nc3 {[%emt 0:07:06]} Ba6 {[%emt 0:09:33]} 20. Nb5 {[%emt 0:02:16]} Bxb5 {[%emt 0:02:23]} 21. cxb5 {[%emt 0:00:06]} Rab8 {[%emt 0:05:33]} 22. a4 {[%emt 0:02:41]} g6 {[%emt 0:01:01]} 23. Ne3 {[%emt 0:03:23]} Bg7 {[%emt 0:00:10]} 24. f4 {[%emt 0:01:46]} Neg4 {[%emt 0:00:45]} 25. Nc4 {[%emt 0:00:51]} Rbd8 {[%emt 0:05:06]} 26. h3 {[%emt 0:01:15]} Nh6 $2 {[%emt 0:00:09]} (26... d5 27. hxg4 (27. exd5 Ne3 $18) 27... dxc4 28. Bxf6 (28. Qxc4 Nxg4 29. Bxg7 Kxg7 $16) 28... Bxf6) 27. Bc3 {[%emt 0:04:39]} Nh5 {[%emt 0:01:10]} 28. Bxa5 {[%emt 0:01:37]} Qb8 {[%emt 0:01:05]} 29. Ra3 {[%emt 0:01:36]} Rd7 {[%emt 0:00:21] [#]} 30. e5 $1 {[%emt 0:00:48]} Nf5 {[%emt 0:01:39]} 31. Bc6 {[%emt 0:01:45] Skewer} Rde7 {[%emt 0:01:12]} 32. Bxe8 {[%emt 0:00:48]} Rxe8 {[%emt 0:00:10]} 33. Nxd6 {[%emt 0:00:53]} Nxd6 {[%emt 0:00:11]} 34. Rxd6 {[%emt 0:00:33]} Nxg3 {[%emt 0:00:08]} 35. Rxg3 $18 {[%emt 0:00:32]} 1-0

[Event "Gibraltar Challengers B 2019"]
[Site "Caleta"]
[Date "2019.01.28"]
[Round "3"]
[White "Hamer, Martyn"]
[Black "Lucas Vega, Ivan"]
[Result "1/2-1/2"]
[WhiteElo "2046"]
[BlackElo "2203"]
[Annotator "TA"]
[PlyCount "63"]
[EventDate "2019.01.18"]
[EventType "swiss"]
[EventCountry "GGB"]
[SourceTitle "playchess.com"]
[Source "ChessBase"]
[SourceQuality "1"]

{[%evp 17,63,17,15,0,22,13,31,4,7,8,58,25,64,22,54,16,45,13,35,35,49,43,35,29,29,29,43,30,66,66,68,66,121,55,64,79,88,59,83,88,83,45,42,0,0,0,0,0]} 1. Nf3 f5 2. g3 Nf6 3. Bg2 d5 4. d4 e6 5. O-O Bd6 6. c4 c6 7. b3 Qe7 8. Bb2 O-O 9. Nc3 Nbd7 {LiveBook: 3 Games. A90: Dutch Defence: Miscellaneous and Modern Stonewall (with ...Bd6)} (9... b6 10. Rc1 Bb7 11. e3 Nbd7 12. Ne2 Ne4 13. Nf4 Rac8 14. Ne5 Rfd8 15. Nxd7 Rxd7 16. f3 Nf6 17. Qd2 c5 18. cxd5 Nxd5 19. Nxd5 Bxd5 {1-0 (71) Ragger,M (2687)-Johannessen,L (2487) Minsk 2015}) 10. Ne1 {[%cal Bf3e1,Be1d3,Bd3f4][%mdl 32]} Ne4 11. Nd3 Ndf6 (11... b6 {keeps more tension.} 12. Rc1 Bb7 13. e3 Rac8 14. Qe2 dxc4 15. bxc4 c5) 12. f3 $146 ({Predecessor:} 12. e3 Bd7 13. f3 Nxc3 14. Bxc3 Be8 15. Qd2 a5 16. Bxa5 b5 17. cxb5 cxb5 18. Bb4 {1-0 (36) Wagner,D (1922)-Storch,D (1730) Frankfurt 2012}) 12... Nxc3 13. Bxc3 Bd7 {[%cal Bc8d7,Bd7e8,Be8h5][%mdl 32]} 14. Qd2 Be8 15. Rae1 Bh5 16. Nf4 Bf7 17. e4 {[#] Hoping for e5.} (17. c5 {with more complications.} Bxf4 18. Qxf4 b6 19. Rf2 h6 20. b4) 17... fxe4 18. fxe4 Nxe4 19. Bxe4 dxe4 20. Rxe4 Qd7 21. Qe2 {[%cal Rf4e6]} Rae8 22. Re1 {[%cal Rf4e6]} Re7 23. Qg4 $36 {[%cal Rf4e6][%mdl 2048] Black is under pressure.} Bxf4 24. Rxf4 {And now Bb4 would win.} (24. Qxf4 Bg6 $17) 24... Qd6 {[#]} (24... e5 $14 25. Qxd7 (25. dxe5 Qxg4 26. Rxg4 Be6 $16) 25... Rxd7 26. Rxe5 (26. dxe5 Be6 $16) 26... Bg6) 25. Rfe4 (25. c5 $1 $16 {[%cal Rc5d6]} Qd5 26. Re5) 25... Rfe8 26. Re5 Bg6 27. Qe2 Bf5 28. g4 Bg6 29. Qe3 Rf7 30. Rxe6 Rxe6 31. Qxe6 Qf4 {...Qf2+ is the strong threat.} 32. Qe2 {Accuracy: White = 25%, Black = 37%.} 1/2-1/2

[Event "Gibraltar Challengers B 2019"]
[Site "Caleta"]
[Date "2019.01.28"]
[Round "3"]
[White "Kukic, Boris"]
[Black "Dolzhikova, Olga"]
[Result "1/2-1/2"]
[WhiteElo "2035"]
[BlackElo "2224"]
[Annotator "TA"]
[PlyCount "50"]
[EventDate "2019.01.18"]
[EventType "swiss"]
[EventCountry "GGB"]
[SourceTitle "playchess.com"]
[Source "ChessBase"]
[SourceQuality "1"]

{[%evp 15,50,13,31,-16,-26,-42,-16,-16,-16,-16,-13,-26,-20,-63,0,0,18,4,18,4,8,10,14,0,7,4,8,0,0,0,0,0,0,0,0,0,0]} 1. d4 e6 2. Nf3 b6 3. Bf4 Bb7 4. Nbd2 f5 5. e3 Nf6 6. h3 Be7 7. c3 O-O 8. Bd3 Ne4 {LiveBook: 17 Games} 9. Bxe4 {A80: Dutch Defence: Unusual White second moves} (9. Rg1 Bd6 10. Ne5 Qh4 11. Qe2 Nxd2 12. Kxd2 Bxe5 13. dxe5 d6 14. exd6 cxd6 15. Bxd6 Rd8 16. Bg3 Qc4 {1-0 (94) Tikkanen,H (2503)-Sagit,R (2406) Stockholm 2017}) 9... fxe4 10. Nh2 Bd6 $146 ({Predecessor:} 10... Bg5 11. Bg3 d5 12. Qg4 Rf5 13. h4 Be7 14. f4 c5 15. Nhf1 Nd7 16. Bf2 Rf7 {0-1 (41) Stiefel,R (2028)-Goll,C (2114) Germany 2016}) 11. Bxd6 cxd6 12. Qg4 d5 13. O-O Nc6 14. f4 exf3 ({Better is} 14... Ba6 $15 15. Rfc1 Bd3) 15. Rxf3 $11 {The position is equal.} Qe7 16. Raf1 Ba6 {[%cal Bb7a6,Ba6d3,Bd3b1][%mdl 32]} 17. R1f2 Rxf3 18. Ndxf3 Bd3 19. Qg3 Bb1 20. Ng4 {[#] Strongly threatening Nh6+.} Rf8 21. Qc7 Qd8 (21... Bxa2 $6 22. Nfe5 $16) 22. Qd6 Qe7 23. Qc7 Qd8 ({Don't play} 23... Bxa2 $6 24. Nfe5 $16) 24. Qd6 Qe7 25. Qc7 Qd8 {Accuracy: White = 18%, Black = 60%.} ({Of course not} 25... Bxa2 $6 26. Nfe5 $16) 1/2-1/2

[Event "Gibraltar Challengers B 2019"]
[Site "Caleta"]
[Date "2019.01.28"]
[Round "3"]
[White "Fegan, Chris"]
[Black "Jordan Martinez, David"]
[Result "0-1"]
[WhiteElo "2024"]
[BlackElo "2125"]
[Annotator "TA"]
[PlyCount "78"]
[EventDate "2019.01.18"]
[EventType "swiss"]
[EventCountry "GGB"]
[SourceTitle "playchess.com"]
[Source "ChessBase"]
[SourceQuality "1"]

{[%evp 17,78,33,69,0,0,0,0,0,0,0,0,0,6,0,0,-16,-6,-62,-62,-57,-59,-61,-62,-67,-64,-183,-135,-349,-316,-383,-307,-286,-223,-419,-370,-485,-467,-501,-502,-565,-554,-854,-926,-1125,-931,-1163,-1088,-29987,-29979,-29979,-29980,-29979,-29980,-29975,-29974,-29982,-29983,-29983,-29984,-29984,-29985,-29985,-29968]} 1. d4 Nf6 2. c4 e6 3. g3 d5 4. Bg2 Be7 5. Nc3 c6 6. Nf3 O-O 7. O-O b6 8. Ne5 Bb7 9. e4 Nbd7 {[#] LiveBook: 26 Games} 10. Qa4 {E06: Closed Catalan: Early deviations} ({Better is} 10. Nxc6 $1 $14 {[%mdl 512]} Bxc6 11. exd5 exd5 12. cxd5) (10. Nxc6 Bxc6 11. exd5 exd5 12. cxd5 Bb7 13. d6 Bxg2 14. dxe7 Qxe7 15. Kxg2 Rfe8 16. Qf3 Qb4 17. Rd1 Rad8 18. Rb1 Nf8 19. Bg5 Rd6 20. Bxf6 Rxf6 {½-½ (37) Ladva,O (2497)-Vaganian,R (2546) Puhajarve 2018}) 10... Nxe5 $11 11. dxe5 Nxe4 12. Nxe4 {The position is equal.} dxe4 13. Bxe4 Qc7 14. Qc2 g6 15. Bh6 $146 ({Predecessor:} 15. Re1 Rfd8 16. Bf4 c5 17. Rad1 Rxd1 18. Rxd1 Bxe4 19. Qxe4 {½-½ (35) Albrecht,H (2240)-Born,M (2204) Wuerttemberg 2000}) 15... Rfd8 16. f4 Rd4 17. Bf3 (17. Rad1 $11 c5 18. Bxb7 Qxb7 19. h4) 17... Rad8 $15 {Threatens to win with ...Rd2.} 18. Rad1 c5 {[%cal Bc6c5,Bc5d4,Bd4d3][%mdl 32]} 19. Rxd4 cxd4 20. Bxb7 Qxb7 21. Qg2 (21. Qd3 $15) 21... Qd7 22. g4 $2 (22. Rd1 $17) 22... d3 $19 {[#] aiming for ...Qd4+.} 23. f5 Qd4+ 24. Kh1 Qxc4 25. Rc1 $2 (25. fxg6 {might work better.} hxg6 26. Qf3) 25... Qb4 26. f6 {And now a3 would win.} Bc5 27. Rd1 Qd4 28. a3 Qxe5 29. b4 Be3 30. g5 d2 31. h3 a6 32. Qe2 Qd5+ {Black mates.} 33. Qg2 Rc8 34. Qxd5 exd5 {KRB-KRB} 35. Kg2 Rc1 36. Kf3 Rxd1 37. Kxe3 Ra1 38. Kxd2 Rxa3 39. h4 Rb3 {Accuracy: White = 18%, Black = 75%.} 0-1

[Event "Gibraltar Challengers B 2019"]
[Site "Caleta"]
[Date "2019.01.28"]
[Round "3"]
[White "Herzwurm, Robert"]
[Black "Obiamiwe, Paul"]
[Result "0-1"]
[WhiteElo "2021"]
[BlackElo "1903"]
[Annotator "NA RC"]
[PlyCount "50"]
[EventDate "2019.01.18"]
[EventType "swiss"]
[EventCountry "GGB"]
[SourceTitle "playchess.com"]
[Source "ChessBase"]
[SourceQuality "1"]
[TimeControl "6600+10"]

1. e4 {[%emt 0:00:00]} e5 {[%emt 0:17:27]} 2. Nf3 {[%emt 0:00:05]} Nc6 {[%emt 0:00:10]} 3. Bc4 {[%emt 0:00:06]} Bc5 {[%emt 0:00:27]} 4. b4 {[%emt 0:00:08]} Bxb4 {[%emt 0:00:09]} 5. c3 {[%emt 0:00:15]} Be7 {[%emt 0:00:11]} 6. d4 {[%emt 0:01:16]} Na5 {[%emt 0:01:02]} 7. Bd3 {[%emt 0:01:22]} d6 {[%emt 0:02:56] C51: Evans Gambit: Declined and Accepted without 5...Ba5} 8. dxe5 {[%emt 0:03:56]} dxe5 {[%emt 0:00:57]} 9. Nxe5 {[%emt 0:01:07]} Nf6 {[%emt 0:00:23]} 10. O-O {[%emt 0:02:15]} O-O {[%emt 0:00:02]} 11. Qc2 {[%emt 0:03:05]} (11. Nd2 Nd7 12. Nxd7 Qxd7 13. Qc2 Rd8 14. Be2 Qc6 15. f4 {0-1 (30) Antipov,M (2598)-Rodshtein,M (2678) Linares 2018}) 11... c6 {[%emt 0:01:35] LiveBook: 5 Games} 12. Nd2 {[%emt 0:29:17]} Qc7 {[%emt 0:01:17]} 13. Nef3 {[%emt 0:03:32]} h6 {[%emt 0:01:29]} 14. c4 $146 {[%emt 0:12:03]} ({Predecessor:} 14. h3 Nd7 15. Re1 {0-1 (50) Ivic,V (2394)-Villca,J (2196) Montevideo 2017}) 14... b6 {[%emt 0:06:36]} 15. Bb2 {[%emt 0:07:09]} Rd8 {[%emt 0:12:25]} 16. e5 {[%emt 0:06:22]} Nh5 {[%emt 0:09:50]} 17. Nd4 {[%emt 0:07:20]} Nf4 $1 {[%emt 0:07:04]} 18. Bh7+ {[%emt 0:03:29]} Kh8 {[%emt 0:01:00]} 19. Qe4 {[%emt 0:02:02]} (19. N2f3 $142) 19... Ne6 {[%emt 0:02:45]} 20. Nxe6 {[%emt 0:05:08]} Bxe6 {[%emt 0:00:24]} 21. Rad1 {[%emt 0:01:12]} (21. Bc3 $17) 21... Qd7 {[%emt 0:08:24]} 22. f4 $2 {[%emt 0:00:53]} (22. Bc3 $17) 22... Bc5+ {[%emt 0:02:00]} 23. Kh1 {[%emt 0:01:51] [#]} Nxc4 $1 {[%emt 0:01:04] Pin} 24. Bc3 $19 {[%emt 0:02:44]} Ne3 {[%emt 0:01:27]} 25. f5 {[%emt 0:01:00]} Bd5 {[%emt 0:00:44]} 0-1